[Event "Belgrade-chT2 Quality"]
[Site "Belgrade"]
[Date "2022.11.12"]
[Round "10.7"]
[White "Kutanjac, Aleksandar"]
[Black "Petrovic, Vladan Z"]
[Result "1-0"]
[WhiteElo "1865"]
[BlackElo "1798"]
[PlyCount "69"]
[EventDate "2022.10.15"]
[EventType "team-tourn"]
[EventRounds "13"]
[EventCountry "SRB"]
[SourceTitle "EXT 2024"]
[Source "ChessBase"]
[SourceDate "2023.10.10"]
[SourceVersion "1"]
[SourceVersionDate "2023.10.10"]
[SourceQuality "1"]
[WhiteTeam "Novi Belgrade Technicka"]
[BlackTeam "Lazarevac Kolubara"]
[WhiteTeamCountry "SRB"]
[BlackTeamCountry "SRB"]

1. d4 e6 2. c4 f5 3. Nc3 Nf6 4. e3 Be7 5. g3 0-0 6. Bg2 c6 7. d5 Bb4 8. Bd2 Ng4 9. Nge2 Ne5 10. Qc2 Nxc4 11. Qb3 Bxc3 12. Bxc3 cxd5 13. Nf4 Kh8 14. h4 d6 15. 0-0-0 Nc6 16. h5 N4e5 17. Bxd5 exd5 18. Ng6+ Kg8 19. Qxd5+ Nf7 20. h6 Re8 21. hxg7 Be6 22. Rxh7 Kxh7 23. Nf8+ Rxf8 24. Rh1+ Nh6 25. Qxe6 Qg5 26. gxf8Q Rxf8 27. Qxd6 Rf7 28. Qe6 Qg6 29. Qc8 Rg7 30. Bxg7 Qxg7 31. Qxf5+ Qg6 32. Qd7+ Qg7 33. Qxg7+ Kxg7 34. Kd2 Ne5 35. Rc1 1-0